Diseño, tecnología y participación: textos de la Open University /
"Este libro reúne dos nuevos textos de la Open University, que forman parte del curso Un Futuro Hecho Por El Hombre. En el prime -ro de ellos, David Elliot expone los diversos mecanismos que, de una u otra manera, ejercen cierto control sobre evolución de la tecnología: el gobierno, el mercado y, so...
Bewaard in:
| Hoofdauteur: | |
|---|---|
| Andere auteurs: | |
| Formaat: | Boek |
| Taal: | Spaans |
| Reeks: | (Tecnología y Sociedad)
|
| Onderwerpen: | |
| Tags: |
Geen labels, Wees de eerste die dit record labelt!
|
MARC
| LEADER | 00000nam^a2200000^a^4500 | ||
|---|---|---|---|
| 001 | 000038929 | ||
| 005 | 20250521000000.0 | ||
| 009 | 20260310085522.925 | ||
| 020 | |a 84-252-0950-1 | ||
| 037 | |a Acervo ITESO - Biblioteca | ||
| 041 | |a ESP | ||
| 082 | |a 306. 4 |b ELL | ||
| 100 | |a Elliott, David |e (autor) | ||
| 245 | 1 | 0 | |a Diseño, tecnología y participación: textos de la Open University / |c D. Elliot, N. Cross; tr. por: Cristina Holm. |
| 264 | |a Barcelona, España : |b Gustavo Gili, |c 1980 | ||
| 300 | |a 188 p. | ||
| 336 | |a texto |b txt |2 rdacontenido | ||
| 337 | |a sin mediación |b n |2 rdamedio | ||
| 338 | |a volumen |b nc |2 rdasoporte | ||
| 440 | 1 | |a (Tecnología y Sociedad) | |
| 500 | |a Traducción de: Policy and Participation; Design and Tech | ||
| 520 | |a "Este libro reúne dos nuevos textos de la Open University, que forman parte del curso Un Futuro Hecho Por El Hombre. En el prime -ro de ellos, David Elliot expone los diversos mecanismos que, de una u otra manera, ejercen cierto control sobre evolución de la tecnología: el gobierno, el mercado y, sobre todo, el control social. En el segundo texto, Nigel Cross amplía esta perspectiva desde un punto de vista más próximo al diseño y a sus implicaciones públicas. Su trabajo se abre alternativas más ambiciosas, recogiendo trabajos ya populares que han conseguido para la tecnología los calificativos de liberadora, blanda y convivencial | ||
| 649 | |a XX | ||
| 650 | |a Diseño Industrial | ||
| 650 | |a Diseño - |x Aspectos Sociales y Culturales | ||
| 650 | |a Política | ||
| 650 | |a Tecnología y Sociedad | ||
| 650 | |a Industria - |x Leyes y Reglamentos | ||
| 650 | |a Industria | ||
| 700 | |a Cross, Nigel |e (autor) | ||
| 910 | |a Fondo General | ||
| 920 | |a Impresos - Libros | ||
| 930 | |a Colección General | ||
| 905 | |a 101 | ||
| 901 | |a 0389290100 |b IT1 |c ACC |i 038929 |u 20250521 | ||
| 901 | |a 0389290200 |b IT1 |c ACC |i 907616 |u 20250521 | ||
| 902 | |a https://opac.biblio.iteso.mx/vufind/Record/000038929 | ||